Normal view
MARC view
- Electrical(Electronics) Engineering-Project Report
Entry Topical Term
001 - CONTROL NUMBER
- control field: 112010
003 - CONTROL NUMBER IDENTIFIER
- control field: NUST
005 - DATE AND TIME OF LATEST TRANSACTION
- control field: 20230430105212.0
008 - FIXED-LENGTH DATA ELEMENTS
- fixed length control field: 230430|| aca||aabn | a|a d
040 ## - CATALOGING SOURCE
- Original cataloging agency: NUST
- Transcribing agency: NUST
150 ## - HEADING--TOPICAL TERM
- Topical term or geographic name entry element: Electrical(Electronics) Engineering-Project Report
670 ## - SOURCE DATA FOUND
- Source citation: Work cat.: (NUST)536262: Naveed, Shazeb ;Shahzad, Taimoor ; Naqqi, M. Hamza 31289, HydraSense A Real-Time IoT Based Water Monitoring System Using LoRa Wireless Technology , 2018.
